Statistics for Canadian Cities by Knowledge of French Outside Quebec

Click here to take the quiz!

General Stats

  • This quiz has been taken 61 times
  • The average score is 6 of 13

Answer Stats

%City% Correct
37.87Ottawa
98%
46.22Moncton
78%
13.83Saint John
78%
24.59Fredericton
76%
12.32Halifax
71%
37.47Greater Sudbury
53%
13.57Kingston
53%
24.36North Bay
31%
13.21Victoria
26%
11.06Oakville
9%
11.04North Vancouver (D.M.)
7%
13.40Welland
5%
10.62St. Albert
0%

Score Distribution

Percentile by Number Answered

Percent of People with Each Score

Your Score History

You have not taken this quiz